000 00622cab a2200217 4500
001 WB2944-39
008 090401t1993 xxu||||| |||| 00| 0 eng d
035 _a(Sirsi) u76792
041 _aeng
245 _aTimeshares
260 _c1993
350 _a0
490 _aFinancial Times
_v20 November 1993, 2(1)
520 _aEuropean Union ministers have agreed measures to protect potential buyers of timeshare properties from unscrupulous sellers.
650 _aCONSUMER PROTECTION
650 _aEU DIRECTIVES
650 _aTIMESHARE PROPERTY
690 _aOVERSEAS-EUROPE
942 _n0
948 _c04/03/1997
999 _c48247
_d48247